| 000 | 01054cam a2200265 a 4500 | ||
|---|---|---|---|
| 001 | 716232 | ||
| 005 | 20250319173239.0 | ||
| 008 | 970318s1997 nvua 001 0 eng d | ||
| 020 |
_a1884133312 (pbk.) : _c$49.95 |
||
| 050 | 0 | 4 |
_aHD30.385 _b.B74 1997 |
| 082 | 0 | 0 |
_a004.6 _221 |
| 100 | 1 | _aBremner, Lynn M. | |
| 245 | 1 | 0 |
_aIntranet bible / _cby Lynn M. Bremner, Anthony F. Iasi, and Al Servati. |
| 260 |
_aLas Vegas, NV : _bJamsa Press, _cc1997. |
||
| 300 |
_axvi, 464 p. : _bill. ; _c24 cm. + _e1 computer laser optical disc (4 3/4 in.) |
||
| 500 | _a"CD-ROM contains: an electronic version of the Intranet Bible, the Java and Perl programming languages, Adobe Arobat reader, and other utilities"--P. [4] of cover. | ||
| 500 | _aIncludes indexes. | ||
| 650 | 0 | _aIntranets (Computer networks) | |
| 650 | 0 |
_aIntranets (Computer networks) _xComputer network resources. |
|
| 650 | 0 | _aHTML (Document markup language) | |
| 650 | 0 |
_aBusiness enterprises _xComputer networks. |
|
| 700 | 1 | _aIasi, Anghony F. | |
| 700 | 1 | _aServati, Al. | |
| 942 |
_2lcc _cBK _n0 |
||
| 999 |
_c4976 _d4976 |
||